LEADER 01601nam a2200337 u 4500 001 000000029072 003 CaOOAMICUS 005 20070226111856.0 008 970127s1992 it u000 u ita u 020 $a881630233X 035 $a10750026 040 $aMSA$bita 245 00$aJohn Henry Newman :$bl'idea di ragione : atti del III colloquio internazionale del pensiero cristiano organizzato da ISTRA (Milano, 22-23 febbraio 1991) /$ca cura di Onorato Grassi. 260 $aMilano :$bJaca Book,$c1992. 300 $a185 p. ;$c23 cm 490 1 $aDi fronte e attraverso ;$v233 500 $aSul front.: Biblioteca ISTRA. 504 $aBibliografia in nota. 600 04$aIohannes Henricus Newman,$cs.,$d1801-1890.$0(OLS)http://pul/subject/4993 700 1 $aGrassi, Onorato.$0(OLS)http://pul/name/23571 830 0$aDi fronte e attraverso ;$v233.$0(OLS)http://pul/title/138 850 $aPUL 852 $aPUL$W1$xSL Religione 1$y3$m54 L 18$j40308$nBK-PRI$b $qStampati$B40308$CPULBib$Z2$F40308 $H $81 941 1 $a8 960 $aNewman, John Henry,$ccard.,$d1801-1890$94993 960 $aIoannes Henricus Newman,$cs.,$d1801-1890$94993 960 $aJohannes Henricus Newman,$cs.,$d1801-1890$94993 961 $aINV: 69441 996 $6020$a881630233X$9(OLS)http://pul/number/36232 996 $6245$aJohn Henry Newman :$bl'idea di ragione : atti del III colloquio internazionale del pensiero cristiano organizzato da ISTRA (Milano, 22-23 febbraio 1991)$9(OLS)http://pul/title/39737 996 $6260$aMilano :$bJaca Book$9(OLS)http://pul/publisher/47900 LEADER 01429nam a2200337 u 4500 001 000000079093 003 CaOOAMICUS 005 20070226123512.0 008 040525s2002 it u000 u ita u 020 $a8886517696 035 $a10996681 040 $aPUL$bita 041 0 $aita$hfre 100 1 $aSpidlík, Tomás,$cS.I.,$d1919-2010.$0(OLS)http://pul/name/10436 240 10$aSpiritualité de l'Orient chrétien. La pričre.$lItaliano.$0(OLS)http://pul/title/103537 245 13$aLa preghiera : secondo la tradizione dell'Oriente cristiano /$cTomá? ?pidlík. 260 $aRoma :$bLipa,$cc2002. 300 $a566 p. ;$c21 cm 490 1 $aPubblicazioni del Centro Aletti 500 $aIndici : p.539-566. 504 $aBibliografia : p. 445-538. 650 4$aPreghiera.$0(OLS)http://pul/subject/997 650 4$aSpiritualitŕ.$0(OLS)http://pul/subject/843 651 4$aOriente cristiano.$0(OLS)http://pul/subject/27510 830 0$aPubblicazioni del Centro Aletti.$0(OLS)http://pul/title/57055 850 $aPUL 852 $aPUL$W1$xSL Religione 3$y85$m231 SPITO 1$j101294$nBK-PRI$qDDC 21$B101294$CPULBib$Z2$F101294 $HPUL91474 $82 941 1 $a9 996 $6020$a8886517696$9(OLS)http://pul/number/103802 996 $6245$aLa preghiera : secondo la tradizione dell'Oriente cristiano$9(OLS)http://pul/title/103538 996 $6260$aRoma :$bLipa$9(OLS)http://pul/publisher/66995